1314 1106 1696 1318 1455 1372 1248 1395 1569 1797 1849 1580 1646 1831 1316 1192 1599 1513 1633 1670 1579 1882 1182 1460 1081 1491 1871 1204 1406 1118 1729 1352 1610 1621 1696 1330 1333 1100 1489 1268 1818 1499 1830 1204 1739 1958 1633 1795 1173 1485 1707 1143 1026 1556 1804 1084 1583 1308 1287 1648 1835 1493 1915 1710 1702 1958 1009 1449 1343 1551 1830 1768 1219 1826 1589 1533 1079 1892 1312 1082 1797 1423 1139 1843 1877 1630 1029 1119 1473 1757 1418 1485 1314 1490 1978 1640 1612 1580 1935 BCNSPRNW ULIB Ver.6.0+V

เปลี่ยนเป็นภาษาไทย

Change to English
 แสดงรายละเอียดบรรณานุกรม
  กลับหน้าหลัก

Brief Record : Get Marc (ISO 2709) : E-mail record : QR code < ปิดหน้าต่าง
LEADER : 00000nam 2200000uu 4500
001    13399122809
003     ULIB
008    131003s2554||||th 000 0 tha d
020    ^a9786167233147
050  4 ^aQA76.75^bธ472P
100 0  ^aเอกเทพ ภักดีศิริมงคล
245 00 ^aPhotoshop CS5 ฉบับสมบูรณ์/^cเอกเทพ ภักดีศิริมงคล
250    ^aพิมพ์ครั้งที่ 1
260    ^aกรุงเทพฯ :^bสวัสดี ไอที,^c2554
300    ^a592 หน้า :^bภาพประกอบ
650  7 ^aPhotoshop
945    ^p289^l0^i034033
995    ^aทศพร
999    ^aกมลทิพย์ ธนสารสุธี
รายการนี้ยังไม่มีแท็ก
คุณยังไม่ได้ล็อกอิน คุณสามารถมีกิจกรรมร่วมกับเว็บไซต์ได้ แต่ต้องล็อกอินก่อน ::
  ล็อกอิน

รายการสื่อสารสนเทศ

ลำดับที่ ประเภท เลขเรียก/บาร์โค้ด สถานที่ สถานะ
1. การศึกษาทั่วไป
หนังสือสำรอง
สถานะ=หนังสือสำรอง
QA76.75 ธ472P ฉ.1 
  Barcode: 034033
ห้องสมุดวิทยาเขตสวรรค์ประชารักษ์
►หนังสือทั่วไป
บนชั้น

รายการใกล้เคียง
    ผู้แต่ง [เอกเทพ ภักดีศิริมงคล]

    หัวเรื่อง [Photoshop]

BibComment


ยังไม่เคยถูกคอมเมนท์

คอมเมนท์ทรัพยากรรายการนี้
  คอมเมนท์: Photoshop CS5 ฉบ..


 Copyright 2026. Bcnsprnw @Library